00673naa a2200157 4500001001700000003001200017005001700029008004100046040001200087100002300099245012400122260000900246300001900255500008300274773015800357KS201903121211bdCH-000902-120200613184211.0 t1910 gw ger  cKS Beda1 aBrandis, Ferdinand14aDer Volksschulunterricht der katholischen Kinder in den deutschen Bundesstaaten :bEine Studie /cvon Ferdinand Brandis c1910 a28 S. ;c26 cm aIn: Frankfurter zeitgemäße Broschüren. - 29 (1910). - Heft 7 (S. 209-236)0 013537abdFrankfurt : A. Foesser ; Hamm : Breer & Thiemann, 1880-1922o035401tFrankfurter zeitgemässe Broschürenw(CH-000902-1)KS201907181636bdxz